Red book: 2006 report of the committee on infectious diseases. (27th ed.) (Record no. 32585)

MARC details
000 -LEADER
fixed length control field 00809nam a2200193 a 4500
008 - FIXED-LENGTH DATA ELEMENTS--GENERAL INFORMATION
fixed length control field 111021s2006 ||||||||||||||||| || u
020 ## - INTERNATIONAL STANDARD BOOK NUMBER
International Standard Book Number 1581101945
050 ## - LIBRARY OF CONGRESS CALL NUMBER
Classification number RJ 27 Ame
110 ## - MAIN ENTRY--CORPORATE NAME
Corporate name or jurisdiction name as entry element American Academy of Pediatrics
245 10 - TITLE STATEMENT
Title Red book: 2006 report of the committee on infectious diseases. (27th ed.)
Statement of responsibility, etc. by the American Academy of Pediatrics
250 ## - EDITION STATEMENT
Edition statement 27th ed.
260 ## - PUBLICATION, DISTRIBUTION, ETC.
Place of publication, distribution, etc. America:
Name of publisher, distributor, etc. American Academy of pediatrics
Date of publication, distribution, etc. 2006
300 ## - PHYSICAL DESCRIPTION
Extent xxxiv, 992p. : ill.
350 ## -
-- 0.00
650 ## - SUBJECT ADDED ENTRY--TOPICAL TERM
Topical term or geographic name entry element PEDIATRIC CLINICS--REPORTS--ZAMBIA
650 ## - SUBJECT ADDED ENTRY--TOPICAL TERM
Topical term or geographic name entry element INFECTIOUS DISEASES--CHILDREN--REPORT
650 ## - SUBJECT ADDED ENTRY--TOPICAL TERM
Topical term or geographic name entry element PAEDIATRICS
995 ## -
-- MEDICAL LIBRARY OPEN ACCESS
-- 0.00
-- 901358
-- CBU-SCHOOL OF MEDICINE LIBRARY (Ndola)
-- 1
-- 0.00
-- RJ 27 AME
-- 1
-- AVAILABLE
-- Oct 21, 2011
-- 901358
-- Medical Library Open Access Collection
999 ## -
-- 32585
-- 32585
Holdings
Withdrawn status Lost status Source of classification or shelving scheme Damaged status Not for loan Permanent Location Current Location Shelving location Date acquired Total Checkouts Full call number Barcode Date last seen Price effective from Koha item type
          CBU-SCHOOL OF MEDICINE LIBRARY, NDOLA. CBU-SCHOOL OF MEDICINE LIBRARY, NDOLA.   11/30/2022   RJ 27 Ame 901358 11/30/2022 11/30/2022 MONOGRAPH